000 005070000a22001570004500
090 _aAR
_b03762
245 1 0 _aSeeds in droppings of tropical fruit - eating birds
_simportance of considering seed composition
650 1 4 _aDispersión de semillas
_992588
650 1 4 _aFrugivoría
_97233
650 1 4 _aRegeneración natural
_96918
651 4 _lLa Selva
_dHeredia
_pCosta Rica
_992749
041 0 _aInglés
100 1 _aLoiselle, Bette A.
_993748
942 _cARTICULO
773 1 _tOecologia
_q494-500
_d1990
_g82
999 _c12798
_d12798